Statistiques concernant 56 adjectifs en allemand

Cliquez ici pour prendre le quiz!

Statistiques générales

  • Ce quiz a été pris 29 fois
    (13 depuis la dernière actualisation)
  • Le résultat moyen est 10 sur 56

Statistiques - réponses

AdjectifPremière lettreRéponse% Correct
SérieuxEErnst
64%
PatientGGeduldig
55%
LentLLangsam
55%
ParesseuxFFaul
45%
JusteGGerecht
45%
CourageuxMMutig
36%
CurieuxNNeugierig
36%
AppréciéBBeliebt
27%
HonnëteEEhrlich
27%
TimideSSchüchtern
27%
DépendantAAbhängig
18%
JalouxEEifersüchtig
18%
TravailleurFFleissig
18%
InsolentFFrech
18%
AvareGGeizig
18%
SociableGGesellig
18%
TenaceHHartnäckig
18%
ServiableHHilfsbereit
18%
SuperficielOOberflächlich
18%
Sûr de soiSSelbstbewusst
18%
EconomeSSparsam
18%
ImpoliUUnhöflich
18%
EntreprenantUUnternehmungslustig
18%
TravailleurAArbeitsam
9%
TalentueuxBBegabt
9%
EnthousiasteBBegeistert
9%
PerformantBBelastbar
9%
Capable de s'imposerDDurchsetzungsfähig
9%
AmbitieuxEEhrgeizig
9%
IndépendantEEigenbrötlerisch
9%
ImbusEEingebildet
9%
VaniteuxEEitel
9%
Aime prendre des risquesEEntscheidungsfreudig
9%
DécidéEEntschlossen
9%
ExpérimentéEErfahren
9%
ConsciencieuxGGewissenhaft
9%
GénéreuxGGrosszügig
9%
AmbitieuxGGründlich
9%
HypocriteHHeuchlerisch
9%
InconscientLLeichtsinnig
9%
AimableLLiebenswert
9%
MéfiantMMisstrauisch
9%
GrincheuxMMürrisch
9%
RefléchiNNachdenklich
9%
NégligeantNNachlässig
9%
RancunierNNachtragend
9%
EnvieuxNNeidisch
9%
TolérantOOffen
9%
BordéliqueSSchlampig
9%
OpstinéSStur
9%
FidèleTTreu
9%
IndécisUUnentschieden
9%
FiableVVerlässlich
9%
CompréhensifVVerständnisvoll
9%
Difficile, trop exigeantWWählerisch
9%
DistantZZurückhaltend
9%

Distribution des résultats

Percentile par nombre de réponses

% des personnes avec chaque résultat

Votre développement - résultats

Vous n’avez pas pris ce quiz depuis la dernière actualisation